Warhammer 40k Legions - Sudden Death - Statistics

General Stats
  • This quiz has been taken 1,310 times
  • The average score is 11 of 18
Answers on the Grid
Answers color-coded by a green-red scale on the quiz's grid according to % correct below.
Dark Angels
Emperor's Children
Iron Warriors
White Scars
Space Wolves
Imperial Fists
Night Lords
Blood Angels
Iron Hands
World Eaters
Ultramarines
Death Guard
Thousand Sons
Luna Wolves
Word Bearers
Salamanders
Raven Guard
Alpha Legion
Blood Ravens
Flesh Tearers
Black Templars
Grey Knights
Crimson Fists
Deathwatch
Emperor's Spears
Soul Drinkers
Nova Knights
Dawn Guardians
Silver Skulls
Marines Malevolent
 
Answer Stats
Answer % Correct
Salamanders
69%
Ultramarines
68%
Blood Angels
67%
Imperial Fists
67%
Space Wolves
65%
Thousand Sons
65%
Dark Angels
64%
White Scars
64%
World Eaters
64%
Emperor's Children
63%
Alpha Legion
62%
Word Bearers
62%
Death Guard
61%
Night Lords
61%
Iron Hands
60%
Raven Guard
60%
Iron Warriors
59%
Luna Wolves
58%
No matching quizzes found
Score Distribution
Percent of People with Each Score
Percentile by Number Answered
Your Score History
You have not taken this quiz